Library Banner

Musalman ulema ki bein ul aqwami conference/ (Record no. 98674)

MARC details
000 -LEADER
fixed length control field 00379nam a22001337a 4500
005 - DATE AND TIME OF LATEST TRANSACTION
control field 20171002123904.0
008 - FIXED-LENGTH DATA ELEMENTS--GENERAL INFORMATION
fixed length control field 171002b xxu||||| |||| 00| 0 eng d
040 ## - CATALOGING SOURCE
Transcribing agency PK-LaUMT
082 ## - DEWEY DECIMAL CLASSIFICATION NUMBER
Classification number PKAC 297.09
Item number MUS-
245 ## - TITLE STATEMENT
Title Musalman ulema ki bein ul aqwami conference/
260 ## - PUBLICATION, DISTRIBUTION, ETC. (IMPRINT)
Place of publication, distribution, etc اسلام آباد:
Name of publisher, distributor, etc پاکستان قومی ھجرہ ،
Date of publication, distribution, etc 1981
300 ## - PHYSICAL DESCRIPTION
Extent 720 ص
942 ## - ADDED ENTRY ELEMENTS (KOHA)
Koha item type Books
Holdings
Withdrawn status Lost status Damaged status Home library Current library Date acquired Full call number Barcode Date last seen Price effective from Koha item type
      UMT Main Campus UMT Main Campus 2017-10-02 PKAC 297.09 MUS- 114589 2017-10-02 2017-10-02 Books